000 00641nam a2200217 i 4500
001 39299
003 ES-MaACL
005 20250910213137.0
007 t|
008 030227s1962 sp |||| | cat d
080 _a821.133.1-31"19"
100 1 _aCamus, Albert,
_d1913-1960
_9240798
245 1 3 _aLa pesta /
_cAlbert Camus ; traducció i proleg de Joan Fuster.
260 _aBarcelona :
_bVergara,
_c[1962]
300 _a256 p. ;
_c18 cm.
490 1 _aColección "Isard"
700 1 _aFuster, Joan,
_d1922-1992
_9163689
830 0 _aColección "Isard"
_9229701
852 _aES-MaACL
_jC-22745
999 _c39299
_d39299